O guardião da floresta (Record no. 118305)

MARC details
000 -LÍDER
campo de controle de tamanho fixo 00977 a2200229 4500
001 - NÚMERO DE CONTROLE
campo de controle 118305
020 ## - ISBN - INTERNATIONAL STANDARD BOOK NUMBER
ISBN - International Standard Book Number 9788574125503
020 ## - ISBN - INTERNATIONAL STANDARD BOOK NUMBER
Informação qualificadora broch.
041 ## - CÓDIGO DE IDIOMA
Código do idioma do texto/trilha sonora ou título diferente eng
082 ## - CDD - CLASSIFICAÇÃO DECIMAL DE DEWEY
Número de Classificação 028
040 ## - FONTE DA CATALOGAÇÃO
Instituição da catalogação original BR-BrIDEA
Instituição que transcreveu o registro BR-BrIDEA
090 ## - NÚMERO DE CHAMADA LOCAL
Número de chamada (OCLC) (R); Número de chamada, CALL (RLIN) (NR) Year 3 028
Número Cutter local (OCLC); Número de classificação do livro, CALL (RLIN) PRI
100 ## - ENTRADA PRINCIPAL--NOME PESSOAL
Nome pessoal Prieto, Heloisa
245 10 - TÍTULO
Título O guardião da floresta
Restante do título e outras histórias que você já conhece
Indicação de responsabilidade, etc. Heloisa Prieto ; Ilustrações Laurabeatriz
260 ## - PUBLICAÇÃO, DISTRIBUIÇÃO, ETC.
Local de publicação, distribuição, etc. São Paulo
Nome do editor, distribuidor, etc. Brinque-Book
Data da publicação, distribuição, etc. 2017
300 ## - DESCRIÇÃO FÍSICA
Extensão 70 p.
Outros detalhes físicos col. ill.
520 ## - NOTA DE RESUMO, ETC
Resumo, etc. Neste belo livro, a autora e a ilustradora propõem novas leituras de contos clássicos como Chapeuzinho Vermelho, Os três porquinhos e o Gato de botas, entre outros. Leitores jovens, ou nem tanto, irão se surpreender com as versões aqui apresentadas, que mantêm o espírito das histórias tradicionais ao mesmo tempo em que atualizam seus contextos.
697 ## - ENTRADA DE ASSUNTO LOCAL--ENTIDADE COLETIVA (RLIN)
Nome corporativo ou nome da jurisdição Contos de Fada
700 ## - ENTRADA ADICIONADA - NOME PESSOAL
Nome pessoal Laurabeatriz
Função do autor por extenso ilustradora
856 ## - LOCALIZAÇÃO ELETRÔNICA E ACESSO
Uniform Resource Identifier <a href="00002f/00002fb6.jpg">00002f/00002fb6.jpg</a>
942 ## - ELEMENTOS DE ENTRADA ADICIONADOS (KOHA)
Tipo de material Koha Livros
Holdings
Situação do descarte Situação das perdas Fonte da classificação ou esquema de arquivamento na estante Situação física Não pode ser emprestado Biblioteca de origem Biblioteca atual Data de aquisição Total de empréstimos Número de chamada completo Código de barras Data de último acesso Data do preço efetivo Tipo de material Koha
    Classificação Decimal de Dewey     ECB - SUDOESTE ECB - SUDOESTE 06/04/2022   Year 3 028 PRI 00058021SSW 23/01/2024 23/01/2024 Livros
          Leonardo Da Vinci - Alphaville 2 Leonardo Da Vinci - Alphaville 2 27/03/2024   028.5 P949g 2A433 27/03/2024 27/03/2024 Livros